| 000 | 00500 a2200133 4500 | ||
|---|---|---|---|
| 005 | 20250519144709.0 | ||
| 020 | _a978-9976-60-5921 | ||
| 082 | _aLECT 338.096 ECO | ||
| 245 | _aThe economic of Mainland Tanzania into the 200s: Productivity, Human Capital, And other Leading Issues. | ||
| 260 |
_aDar es Salaam, _bDar es Salaam University Press, _c2016. |
||
| 300 |
_aix, 198p.: ill.; charts, graph, figure, table. _c24cm, |
||
| 700 | _aRWEGASIRA, D. & MBELLE, A. & AIKAELI, J. | ||
| 942 |
_2ddc _cBKS |
||
| 999 |
_c2455 _d2455 |
||